|
|
|
|
| LEADER |
00987nam a2200289 4500 |
| 001 |
DLU100104201 |
| 005 |
##20100304 |
| 040 |
# |
# |
|a DLU
|b vie
|
| 041 |
# |
# |
|a vie
|
| 044 |
# |
# |
|a vn
|
| 100 |
# |
# |
|a Nguyễn Trọng Chuẩn,
|c GS.TS.
|
| 245 |
# |
# |
|a Nâng cao nhận thức, bổ sung và phát triển triết học Mác - Lênin nhằm đáp ứng yêu cầu của thực tiễn và của thời đại mở rộng giao lưu quốc tế /
|c Nguyễn Trọng Chuẩn.
|
| 653 |
# |
# |
|a Đoàn kết quốc tế
|
| 653 |
# |
# |
|a Giao lưu văn hóa
|
| 653 |
# |
# |
|a Nhân chủng học
|
| 653 |
# |
# |
|a Toàn cầu hóa
|
| 653 |
# |
# |
|a Văn minh nhân loại
|
| 773 |
# |
# |
|t Triết học
|g Số9(208), 2008, tr. 17-25
|
| 920 |
# |
# |
|a Phòng Tạp chí -- Trung tâm Thông tin - Thư viện Trường Đại học Đà Lạt
|
| 994 |
# |
# |
|a DLU
|
| 900 |
# |
# |
|a True
|
| 911 |
# |
# |
|a Nguyễn Thị Linh Chi
|
| 925 |
# |
# |
|a G
|
| 926 |
# |
# |
|a A
|
| 927 |
# |
# |
|a BB
|
| 980 |
# |
# |
|a Thư viện Trường Đại học Đà Lạt
|